Highest Fertility Countries with Exceptions - Statistics

General Stats
  • This quiz has been taken 21,672 times
    9,005 since last reset
  • The average score is 15 of 20
Answer Stats
Rate Country % Correct
3.50 Pakistan
91%
4.66 Afghanistan
88%
3.17 Iraq
87%
2.66 Syria
81%
4.41 Yemen
81%
2.99 Tajikistan
76%
3.45 Uzbekistan
76%
2.95 Kazakhstan
75%
2.75 Kyrgyzstan
74%
2.82 Marshall Islands
70%
3.25 Nauru
70%
3.03 Papua New Guinea
70%
3.75 Samoa
70%
3.47 Solomon Islands
70%
3.07 Tonga
70%
3.14 Tuvalu
70%
2.71 F. S. Micronesia
69%
3.53 Vanuatu
69%
3.09 Kiribati
68%
2.75 Israel
66%
No matching quizzes found
Score Distribution
Percent of People with Each Score
Percentile by Number Answered
Your Score History
You have not taken this quiz since the last reset